000 00564nam a2200193Ia 4500
003 OSt
005 20240417152527.0
008 210210b1942 xxu||||| |||| 00| 0 eng d
040 _cAL
041 _aKannada
082 _a852/412
100 _aMINU MASANI ಮಿನೂ ಮಸಾನಿ
_9161165
245 _aNamma Hindusthana
_bನಮ್ಮ ಹಿಂದುಸ್ಥಾನ
260 _aBombayi
_bOxford University Press
_c1942
650 _aSiddavana Halli krashna Sharma
_9161166
690 _aKannada Prose
_9161167
906 _a018981
942 _2ddc
_cBK
999 _c143031
_d143031